Sergius Hessen a Československo /

Hlavní autor: Goněc, Vladimír, 1950-
Korporativní autor: Masarykova univerzita
Jazyk: Čeština
Vydáno: Brno : Masarykova univerzita, 2000
Vydání: 1. vyd.
Témata:
Fyzický popis: 83 s. ; 21 cm
Knihy
Uloženo v:
LEADER 01815nam a2200505 a 4500
001 000561697
003 CZ BrMZK
005 20070830121655.0
007 ta
008 010907s2000 xr f dcze d
015 |a cnb000887939 
020 |a 80-210-2545-X 
035 |a (OCoLC)48708059 
040 |a BOA001  |b cze 
043 |a e-ru---  |a e-cs--- 
072 7 |a 14  |x Filozofické systémy a hlediska  |2 Konspekt  |9 5 
080 |a 929  |2 MRF 
080 |a 101-051  |2 MRF 
080 |a 14(470+571)  |2 MRF 
080 |a 316.73(470+571)  |2 MRF 
080 |a 32:1  |2 MRF 
080 |a 37.013.73  |2 MRF 
080 |a 316.72/.75  |2 MRF 
080 |a (470+571)  |2 MRF 
080 |a (437)  |2 MRF 
080 |a (048.8)  |2 MRF 
100 1 |a Goněc, Vladimír,  |d 1950-  |7 jn20000400792 
245 1 0 |a Sergius Hessen a Československo /  |c Vladimír Goněc 
250 |a 1. vyd. 
260 |a Brno :  |b Masarykova univerzita,  |c 2000 
300 |a 83 s. ;  |c 21 cm 
500 |a Souhrn anglicky 
600 1 7 |a Hessen, Sergej Iosifovič,  |d 1887-1950  |7 jn20000700707  |2 czenas 
650 0 7 |a filozofové  |7 ph117191  |z Rusko  |y 19.-20. stol.  |2 czenas 
650 0 7 |a ruská filozofie  |7 ph125322  |y 19.-20. stol.  |2 czenas 
650 0 7 |a kulturní vlivy (ruské)  |7 ph292485  |z Československo  |y 20. stol.  |2 czenas 
650 0 7 |a politická filozofie  |7 ph115786  |2 czenas 
650 0 7 |a filozofie výchovy  |7 ph120230  |2 czenas 
655 7 |a studie  |7 fd133597  |2 czenas 
651 7 |a Československo  |7 ge131689  |x kultura a společnost  |y 20. stol.  |2 czenas 
710 2 |a Masarykova univerzita  |7 kn20010709056 
910 |a BOA001  |b 2-1085.498 
990 |a BK 
996 6 |b 2610134941  |c 2-1085.498  |l MZK  |r Sklad / do 1 hodiny  |n 0  |p p.v.  |w 000561697  |u 000010  |a 1  |e BOA001  |j MZK50  |s P 
996 7 |b 2610158504  |c 2-1085.498  |l MZK  |r Sklad / do 1 hodiny  |n 7  |p kup  |w 000561697  |u 000020  |a 1  |e BOA001  |j MZK50  |s A